Modelo educativo de la enseñanza secundaria en el régimen militar uruguayo: análisis de la estrategia... /
Reseña la situación del sistema educativo del período de gobierno de los militares en Uruguay. Describe la reforma que sufre el sistema educativo a consecuencia del régimen militar que impera, y como se constituye la educación en un nuevo sujeto social por la razón de haber un nuevo modelo de domina...
Guardado en:
| Autor principal: | |
|---|---|
| Formato: | Tesis |
| Publicado: |
México, D.F.:
FLACSO - Sede México
|
| Materias: | |
| Etiquetas: |
Agregar Etiqueta
Sin Etiquetas, Sea el primero en etiquetar este registro!
|
MARC
| LEADER | 00000 a a2200000 04500 | ||
|---|---|---|---|
| 001 | 13836 | ||
| 003 | |||
| 040 | |a CRAI/IIS |c CRAI/IIS | ||
| 090 | |a EXTRAVIADO | ||
| 100 | |a Beisso, Rosario | ||
| 245 | |a Modelo educativo de la enseñanza secundaria en el régimen militar uruguayo: |b análisis de la estrategia... / |c Rosario Beisso | ||
| 260 | |a México, D.F.: |b FLACSO - Sede México | ||
| 300 | |a 69 ps. | ||
| 502 | |a Tesis (Maestría) -- Facultad Latnoamericana de Ciencias Sociales. Sede México, 1985 | ||
| 520 | |a Reseña la situación del sistema educativo del período de gobierno de los militares en Uruguay. Describe la reforma que sufre el sistema educativo a consecuencia del régimen militar que impera, y como se constituye la educación en un nuevo sujeto social por la razón de haber un nuevo modelo de dominación social, el cual, a su vez, modifica el marco en que se encuentra la enseñanza secundaria y, por ende, las prácticas y pautas conceptuales propias de docentes y alumnos. RCh/mb | ||
| 650 | |a ENSEÑANZA SECUNDARIA | ||
| 650 | |a MILITARISMO | ||
| 650 | |a DICTADURA | ||
| 650 | |a TEORIA DE LA EDUCACION | ||
| 650 | |a HISTORIA DE LA EDUCACION | ||
| 650 | |a MOVIMIENTOS ESTUDIANTILES | ||
| 650 | |a COMPORTAMIENTO ESTUDIANTIL | ||
| 650 | |a RELACIONES ENTRE DOCENTES Y ALUMNOS | ||
| 650 | |a MARCO INSTITUCIONAL | ||
| 999 | |c 17952 |d 17952 | ||
